000 00374cam a22001337a 4500
008 180718b1986 xxu||||| |||| 00| 0 eng d
082 _aB136x54 T31
100 _aTewary, I.N.
245 _aRural development: challenges and alternatives
_cby I.N. Tewary
260 _aDelhi
_bAnmol
_c1986
300 _a232p.
500 _aBibl.p.204-30
650 _aRural development - India
999 _c355396
_d355396